| Tag |
First Indicator |
Second Indicator |
Subfields |
| LEADER |
00000cam a2200000 a 4500 |
| 001 |
in00000018296 |
| 005 |
20151007053214.0 |
| 008 |
860829s1986 nyu b 00110 eng |
| 010 |
|
|
|a 86023460
|
| 020 |
|
|
|a 0889461333 (alk. paper)
|
| 035 |
|
|
|a (OCoLC)14241495
|
| 035 |
|
|
|9 AAB0784AM
|
| 040 |
|
|
|a DLC
|c DLC
|d TXA
|d UtOrBLW
|
| 049 |
|
|
|a TXAM
|c [A11084250]
|
| 050 |
0 |
0 |
|a R724
|b .L63 1986
|
| 082 |
0 |
|
|a 174/.2
|2 19
|
| 100 |
1 |
|
|a Loewy, Erich H.
|
| 245 |
1 |
0 |
|a Ethical dilemmas in modern medicine :
|b a physician's viewpoint /
|c Erich H. Loewy.
|
| 264 |
|
1 |
|a Lewiston, N.Y., USA :
|b Edwin Mellen Press,
|c [1986]
|
| 264 |
|
4 |
|c ©1986
|
| 300 |
|
|
|a 343 pages ;
|c 24 cm.
|
| 336 |
|
|
|a text
|b txt
|2 rdacontent
|
| 337 |
|
|
|a unmediated
|b n
|2 rdamedia
|
| 338 |
|
|
|a volume
|b nc
|2 rdacarrier
|
| 490 |
1 |
|
|a Studies in health and human services ;
|v v. 8
|
| 504 |
|
|
|a Includes bibliographies and index.
|
| 650 |
|
0 |
|a Medical ethics.
|
| 830 |
|
0 |
|a Studies in health and human services ;
|v v. 8.
|
| 999 |
|
|
|a MARS
|
| 999 |
f |
f |
|s 5031d5a6-f3eb-3af0-9f49-5684803bb114
|i 11c67753-7196-3616-8c6e-7e936922c6f3
|t 0
|
| 952 |
f |
f |
|p ric
|a Texas A&M University
|b Rellis Campus
|c Joint Library Facility
|d Remote Storage
|t 0
|e R724 .L63 1986
|h Library of Congress classification
|i unmediated -- volume
|m A14811084250
|
| 998 |
f |
f |
|a R724 .L63 1986
|t 0
|l Remote Storage
|